Statistics for GEO Quiz #8 - 40 European Countries

Click here to take the quiz!

General Stats

  • This quiz has been taken 322 times
    (320 since last reset)
  • The average score is 24 of 40

Answers on the Map

Answers color-coded by a green-red scale on the quiz's map according to % correct below.
 

Answer Stats

Answer% Correct
Russia
81%
Portugal
71%
Romania
71%
Albania
67%
Bosnia and Herzegovina
67%
Denmark
67%
France
67%
Germany
67%
Latvia
67%
Montenegro
67%
Belarus
62%
Belgium
62%
Czechia
62%
Estonia
62%
Finland
62%
Hungary
62%
Iceland
62%
Kosovo
62%
Luxembourg
62%
Poland
62%
Ukraine
62%
Bulgaria
57%
Greece
57%
Ireland
57%
Italy
57%
Monaco
57%
Slovakia
57%
Slovenia
57%
Spain
57%
Sweden
57%
Switzerland
57%
United Kingdom
57%
Austria
52%
Lithuania
52%
Macedonia
52%
Netherlands
52%
Croatia
48%
Moldova
48%
Norway
48%
Serbia
43%

Score Distribution

Percentile by Number Answered

Percent of People with Each Score

Your Score History

You have not taken this quiz since the last reset